|
|
|
|
| LEADER |
00000cac a2200000 a 4500 |
| 001 |
203321 |
| 003 |
Ucuenca |
| 005 |
20231121062559.0 |
| 008 |
989112|1988 sp |||||r|||||||||||spa|| |
| 020 |
|
|
|a 8476152507
|
| 040 |
|
|
|b spa
|
| 041 |
1 |
|
|a spa
|
| 082 |
0 |
|
|a 616
|
| 100 |
1 |
|
|9 217095
|a Frazier, Shervert H.
|
| 245 |
|
|
|a Ansiedad y depresión
|c Shervert H. Frazier, director huésped
|h imp
|n tomo 4
|
| 264 |
|
|
|a Madrid
|b Interamericana
|c 1988
|
| 300 |
|
|
|a ix, 795-1042 páginas:
|b ilu
|c 22.5 cm
|
| 490 |
|
|
|a Clínicas Médicas de Norteamérica
|
| 504 |
|
|
|a incl. ref.
|
| 650 |
|
7 |
|a Ansiedad
|9 4199
|
| 650 |
|
7 |
|a Depresión
|9 2554
|
| 852 |
|
|
|a UC-SALUD
|f Canje
|l 1
|m General
|p 19891122
|q S/. 13.200
|t 203321
|b 1
|d CDRS
|e CDRS
|g 616
|z 1989-91-12
|
| 942 |
|
|
|c CR
|
| 999 |
|
|
|c 128586
|d 128586
|